Lógica: el razonamiento deductivo formal
Salvato in:
| Autore principale: | |
|---|---|
| Natura: | Libro |
| Lingua: | spagnolo |
| Pubblicazione: |
Ciudad de México
Universidad Panamericana
1992
|
| Soggetti: | |
| Tags: |
Aggiungi Tag
Nessun Tag, puoi essere il primo ad aggiungerne!!
|
MARC
| LEADER | 00000nam a2200000 a 4500 | ||
|---|---|---|---|
| 001 | UCX6545 | ||
| 003 | CL-VaPUC | ||
| 008 | 930721e19920000MX |||||||||||||||||spa|d | ||
| 082 | 0 | 4 | |a 160 |b GUE |2 21 |
| 100 | 0 | |a Guerrero, Luis Ignacio |e author |9 323071 | |
| 245 | 1 | 0 | |a Lógica: el razonamiento deductivo formal |
| 300 | |a 191 p | ||
| 942 | |c BK | ||
| 945 | |d 19930721 00:00:00 | ||
| 260 | |a Ciudad de México |b Universidad Panamericana |c 1992 | ||
| 650 | 0 | |a Lógica |9 256849 | |
| 583 | |a last modification |c 19930721 00:00:00 |k Rodrigo Vera | ||
| 999 | |c 226545 |d 226543 | ||
| 952 | |0 0 |1 0 |4 0 |6 160_000000000000000_GUE_1992 |7 0 |8 A |9 224995 |a BIBEDU |b BIBEDU |d 2019-11-15 |i 2937042 |o 160 GUE 1992 |p 2937042 |r 2019-11-15 |w 2019-11-15 |y BK |k FIL | ||